[Event "Annen- Dorsten"]
[Site "?"]
[Date "2024.10.03"]
[Round "7.6"]
[White "Hartung, Thomas"]
[Black "Nashir, Ramin"]
[Result "1/2-1/2"]
[WhiteElo "1840"]
[BlackElo "1822"]
[PlyCount "135"]
[SourceDate "2024.03.25"]

1. e4 e6 2. d4 d5 3. Nc3 Nf6 4. Bg5 Be7 5. e5 Nfd7 6. h4 O-O 7. Bd3 c5 8. Qg4
Kh8 9. Nf3 Nc6 10. Bxh7 g6 11. h5 Nxd4 12. Bxe7 Qxe7 13. hxg6 Nxf3+ 14. gxf3 f5
15. exf6 Nxf6 16. Qg5 Bd7 17. O-O-O Qg7 18. Rh2 Bc6 19. Rdh1 d4 20. Bg8+ Kxg8
21. Rh8+ Qxh8 22. Rxh8+ Kxh8 23. g7+ Kh7 24. gxf8=Q Rxf8 25. Ne4 Bxe4 26. fxe4
b6 27. e5 Nd5 28. Qg4 Rf5 29. Qg3 Nf4 30. Kd2 Ng6 31. Qg2 Nxe5 32. Qb7+ Kg6 33.
Qxa7 Rxf2+ 34. Kd1 Nc4 35. Qe7 Ne3+ 36. Ke1 Rf6 37. Kd2 Kf5 38. b3 Nd5 39. Qh7+
Ke5 40. Qh2+ Nf4 41. a4 Rg6 42. Qh8+ Ke4 43. Qh7 e5 44. Qb7+ Nd5 45. Ke2 Rh6
46. Kf2 Rh3 47. Qc6 Rf3+ 48. Kg2 Rf6 49. Qb7 Rh6 50. Kg3 Rg6+ 51. Kf2 Rf6+ 52.
Ke1 Rh6 53. Qg7 Rf6 54. Qb7 Rd6 55. Qh7+ Kf4 56. Qh4+ Kf5 57. Qh5+ Ke6 58. Qg4+
Ke7 59. Qg7+ Ke6 60. Qg4+ Kf6 61. Qh4+ Kf7 62. Qh7+ Ke6 63. Qh3+ Ke7 64. Qh7+
Kd8 65. Qg8+ Kd7 66. Kd2 Ne7 67. Qb8 Ke6 68. Kd3 1/2-1/2

[Event "Annen- Dorsten"]
[Site "?"]
[Date "2024.10.03"]
[Round "7.7"]
[White "Vengels, Joachim"]
[Black "Daemmrich, Lars"]
[Result "1/2-1/2"]
[WhiteElo "1976"]
[BlackElo "1958"]
[PlyCount "43"]
[SourceDate "2024.03.25"]

1. c4 e6 2. Nf3 Nf6 3. g3 Be7 4. Bg2 O-O 5. O-O d5 6. b3 c5 7. cxd5 Nxd5 8. Bb2
Bf6 9. Qc1 Nc6 10. Nc3 b6 11. Rd1 Ba6 12. Kf1 Rc8 13. Ne4 Bxb2 14. Qxb2 Qe7 15.
d3 Rfd8 16. Rac1 h6 17. Ned2 Qf6 18. Qxf6 Nxf6 19. Nc4 Bxc4 20. dxc4 Kf8 21. e3
Ke7 22. Ke2 1/2-1/2

[Event "Annen- Dorsten"]
[Site "?"]
[Date "2024.10.03"]
[Round "7.8"]
[White "Koehler, Frank"]
[Black "Nowok, Frank"]
[Result "1/2-1/2"]
[WhiteElo "1759"]
[BlackElo "1847"]
[PlyCount "99"]
[SourceDate "2024.03.25"]

1. c4 c5 2. g3 g6 3. Bg2 Bg7 4. Nc3 Nc6 5. Nf3 d6 6. O-O Nf6 7. b3 Bd7 8. Bb2
Qc8 9. Nd5 e5 10. d3 O-O 11. Qd2 Nxd5 12. cxd5 Ne7 13. Ne1 Bh3 14. e4 Qd7 15.
Nc2 b5 16. a4 a6 17. axb5 Bxg2 18. Kxg2 Qxb5 19. Qc3 Rfb8 20. Ra3 f5 21. Ne3
Rf8 22. Nc4 f4 23. f3 Nc8 24. g4 Bf6 25. Ra5 Qb7 26. Rfa1 Be7 27. Bc1 Nb6 28.
Bd2 Rfb8 29. Nxb6 Qxb6 30. R1a3 Rb7 31. R5a4 Bd8 32. Qa1 Qb5 33. Qc3 Bb6 34.
Qc4 Rba7 35. Qxb5 axb5 36. Rxa7 Rxa7 37. Rxa7 Bxa7 38. Ba5 Kf7 39. b4 Ke7 40.
Kf1 Kd7 41. Ke2 h6 42. Kd2 Kc8 43. Kc3 Kb7 44. bxc5 Bxc5 45. Kb3 Ka6 46. Be1
Kb6 47. Bd2 h5 48. h3 Be3 49. Bb4 Bc5 50. Bd2 1/2-1/2

[Event "Ahlen- Brackel 3"]
[Site "?"]
[Date "2024.10.03"]
[Round "7.1"]
[White "Tkachuk, Sergiy"]
[Black "Torres- Kuckel, Rafael"]
[Result "1/2-1/2"]
[WhiteElo "2197"]
[BlackElo "2125"]
[PlyCount "51"]
[SourceDate "2024.03.25"]

1. e4 e5 2. Nf3 Nc6 3. Bc4 Nf6 4. d4 exd4 5. e5 d5 6. Bb5 Ne4 7. Nxd4 Bd7 8.
Bxc6 bxc6 9. O-O Bc5 10. f3 Ng5 11. f4 Ne6 12. c3 f5 13. Be3 Bxd4 14. cxd4 c5
15. dxc5 d4 16. Bxd4 Bb5 17. Be3 Bxf1 18. Qxf1 Qd7 19. Nc3 O-O 20. Qc4 Qf7 21.
b4 Rfd8 22. b5 Nf8 23. Qe2 Qd7 24. Rd1 Qf7 25. Rb1 Qd7 26. Rd1 1/2-1/2

[Event "Ahlen- Brackel 3"]
[Site "?"]
[Date "2024.10.03"]
[Round "7.2"]
[White "Volesky, Alexander"]
[Black "Althoff, Ralph"]
[Result "0-1"]
[WhiteElo "1999"]
[BlackElo "2024"]
[PlyCount "62"]
[SourceDate "2024.03.25"]

1. e4 c5 2. Nf3 Nc6 3. d4 cxd4 4. Nxd4 g6 5. Nc3 Bg7 6. Be3 Nf6 7. Bc4 O-O 8.
Bb3 Re8 9. O-O d6 10. h3 Na5 11. Re1 a6 12. Qd3 b5 13. Nd5 Nd7 14. c3 e6 15.
Nb4 Bb7 16. f3 Be5 17. Qe2 Rc8 18. Nd3 Bg7 19. Bf2 Nc5 20. Bd1 Na4 21. f4 Nc4
22. Rc1 Qa5 23. Bb3 Bh6 24. Rc2 Nc5 25. Nxc5 dxc5 26. Nf3 Nd6 27. e5 Ne4 28.
Rd2 Nxd2 29. Qxd2 Red8 30. Qe3 c4 31. Bc2 Bxf3 0-1

[Event "Ahlen- Brackel 3"]
[Site "?"]
[Date "2024.10.03"]
[Round "7.3"]
[White "Tomasjan, Samuel"]
[Black "Volesky, Karl- Heinz"]
[Result "1/2-1/2"]
[WhiteElo "1992"]
[BlackElo "1970"]
[PlyCount "28"]
[SourceDate "2024.03.25"]

1. e4 d6 2. d4 Nf6 3. Nc3 Nbd7 4. f4 e5 5. Nf3 exd4 6. Qxd4 c6 7. a4 Qc7 8. Be2
Be7 9. e5 dxe5 10. fxe5 Nd5 11. Nxd5 cxd5 12. Bd3 Qc5 13. c3 Qxd4 14. cxd4 f6
1/2-1/2

[Event "Ahlen- Brackel 3"]
[Site "?"]
[Date "2024.10.03"]
[Round "7.4"]
[White "Busche, Klaus"]
[Black "Al Tarboush, Hussam"]
[Result "1-0"]
[WhiteElo "1948"]
[BlackElo "2012"]
[PlyCount "63"]
[SourceDate "2024.03.25"]

1. d4 Nf6 2. Bf4 g6 3. Nc3 d5 4. e3 Bg7 5. h4 c6 6. Be2 Qa5 7. Qd2 b5 8. Ne4
Qxd2+ 9. Nxd2 Bf5 10. Ngf3 O-O 11. O-O Rc8 12. c3 Ng4 13. a4 Bd7 14. Nb3 f6 15.
Bxb8 Rcxb8 16. Nc5 Bc8 17. axb5 cxb5 18. b4 e5 19. Ra5 Bf8 20. Rfa1 Bxc5 21.
dxc5 Rb7 22. Bxb5 Rc7 23. Ba4 Kf7 24. Bb3 Be6 25. Ra6 Ke7 26. e4 Bc8 27. exd5
Bxa6 28. d6+ Kd7 29. dxc7 Bb7 30. c8=Q+ Rxc8 31. Rxa7 Kc7 32. Be6 1-0

[Event "Ahlen- Brackel 3"]
[Site "?"]
[Date "2024.10.03"]
[Round "7.5"]
[White "Bense, Dirk"]
[Black "Jaeger, Niklas"]
[Result "1-0"]
[WhiteElo "1972"]
[BlackElo "1840"]
[PlyCount "85"]
[SourceDate "2024.03.25"]

1. e4 e6 2. d4 d5 3. Nc3 Nf6 4. e5 Nfd7 5. f4 c5 6. Nf3 Nc6 7. Be3 Qb6 8. Na4
Qa5+ 9. c3 cxd4 10. b4 Qc7 11. Nxd4 Nxd4 12. Bxd4 Be7 13. Bd3 O-O 14. O-O g6
15. Rc1 Qd8 16. Qb3 a6 17. Nb2 Nb8 18. Rfd1 b5 19. a4 Bd7 20. axb5 axb5 21. Ra1
Nc6 22. Bf2 Qc7 23. Bf1 f6 24. exf6 Bxf6 25. Nd3 Ne7 26. Bc5 Rfc8 27. Re1 Nf5
28. Qb2 Nd6 29. Ne5 Bxe5 30. fxe5 Nf7 31. Bd4 Qb7 32. Bd3 Rxa1 33. Rxa1 Ra8 34.
Rf1 Bc6 35. h4 Nh6 36. Rf6 Rf8 37. Rxf8+ Kxf8 38. Qd2 Nf5 39. Bc5+ Kg8 40. Qg5
Qc7 41. Bxf5 exf5 42. Qf6 Qc8 43. e6 1-0

[Event "Ahlen- Brackel 3"]
[Site "?"]
[Date "2024.10.03"]
[Round "7.6"]
[White "Voelker, Andreas"]
[Black "Hendler, Markus"]
[Result "0-1"]
[WhiteElo "1815"]
[BlackElo "1835"]
[PlyCount "92"]
[SourceDate "2024.03.25"]

1. e4 c5 2. d4 cxd4 3. c3 Nf6 4. e5 Nd5 5. Nf3 Nc6 6. cxd4 d6 7. Bc4 Nb6 8. Bb5
Bd7 9. exd6 e6 10. Bf4 Nd5 11. Bxc6 Bxc6 12. Bg5 Qa5+ 13. Bd2 Qa6 14. Nc3 Bxd6
15. Qe2 Qxe2+ 16. Nxe2 Bb5 17. Nc3 Nxc3 18. Bxc3 O-O 19. O-O-O Bc4 20. Kb1 b5
21. Ne5 Bd5 22. f3 Rfc8 23. Rc1 f6 24. Nd3 Bc4 25. Rhd1 Bxh2 26. Nc5 a5 27. b3
Bd5 28. Re1 Bf4 29. Rc2 Rc6 30. Bb2 Rac8 31. Rce2 Kf7 32. Nd3 Bd6 33. Nf2 Bb4
34. Rd1 Ra6 35. Nd3 Bd6 36. Rc1 Rac6 37. Rxc6 Rxc6 38. Rc2 h5 39. Nc5 Rc7 40.
Bc1 g5 41. Bd2 b4 42. Be3 Kg6 43. Kc1 h4 44. Ne4 Rxc2+ 45. Kxc2 Bxe4+ 46. fxe4
g4 0-1

[Event "Ahlen- Brackel 3"]
[Site "?"]
[Date "2024.10.03"]
[Round "7.7"]
[White "Roemer, Alois"]
[Black "Dreesbach, Harald"]
[Result "1-0"]
[WhiteElo "1833"]
[BlackElo "1786"]
[PlyCount "49"]
[SourceDate "2024.03.25"]

1. e4 c5 2. c3 d5 3. exd5 Qxd5 4. d4 cxd4 5. cxd4 e6 6. Nc3 Bb4 7. a3 Bxc3+ 8.
bxc3 Nc6 9. Nf3 Nge7 10. Bd3 Qh5 11. O-O Bd7 12. Rb1 b6 13. Re1 Na5 14. Re5 f5
15. d5 Nxd5 16. Bb5 O-O-O 17. Ba6+ Kb8 18. Qe1 Nc7 19. Rxa5 Bc6 20. Bf4 Be4 21.
Nd4 Rhe8 22. Rb2 Qg6 23. f3 e5 24. Rxe5 Ba8 25. Re7 1-0

[Event "Ahlen- Brackel 3"]
[Site "?"]
[Date "2024.10.03"]
[Round "7.8"]
[White "Lang, Nico"]
[Black "Seref, Serkan"]
[Result "1-0"]
[WhiteElo "1831"]
[BlackElo "1664"]
[PlyCount "89"]
[SourceDate "2024.03.25"]

1. d4 Nf6 2. Nd2 d5 3. e3 Bg4 4. f3 Bh5 5. h4 h6 6. Bd3 e6 7. Ne2 Bg6 8. Bxg6
fxg6 9. c4 c6 10. Qc2 Qa5 11. Qxg6+ Ke7 12. b4 Qd8 13. Nf4 Kd7 14. cxd5 cxd5
15. Nd3 Nc6 16. Qf7+ Qe7 17. Nc5+ Kc8 18. Qxe6+ Qxe6 19. Nxe6 Bxb4 20. Kf2 Rg8
21. a3 Bd6 22. e4 dxe4 23. fxe4 Be7 24. Bb2 Ng4+ 25. Kf3 h5 26. Nc4 b5 27. Ne3
Kd7 28. Nf4 g5 29. Nxh5 Nxe3 30. Kxe3 gxh4 31. Nf4 Na5 32. Bc1 Rac8 33. e5 Bg5
34. Ke4 Rc2 35. Be3 Nc4 36. Rae1 Nxa3 37. Nd5 Bd8 38. Ra1 Nc4 39. Rxa7+ Ke8 40.
e6 Nd6+ 41. Kd3 Rgxg2 42. e7 Bxe7 43. Rxe7+ Kf8 44. Rxh4 Nf7 45. Rh7 1-0

[Event "Waltrop- Hamm"]
[Site "?"]
[Date "2024.03.10"]
[Round "7.1"]
[White "Ackermann, Hans Werner"]
[Black "Eckert, Marius"]
[Result "1-0"]
[WhiteElo "2167"]
[BlackElo "2111"]
[PlyCount "69"]
[SourceDate "2024.03.25"]

1. Nf3 d5 2. e3 Nf6 3. c4 c6 4. d4 e6 5. Nc3 Nbd7 6. Bd3 Bd6 7. O-O O-O 8. e4
dxe4 9. Nxe4 Nxe4 10. Bxe4 Nf6 11. Bc2 c5 12. Qd3 cxd4 13. Qxd4 Be7 14. Qh4 Qa5
15. Bxh7+ Nxh7 16. Qxe7 Nf6 17. Bd2 Qh5 18. Rfe1 Bd7 19. Re5 Qh7 20. Rg5 Ne4
21. Qxd7 Rad8 22. Qb5 Nxd2 23. Nxd2 Rxd2 24. Qe5 Rfd8 25. h3 R2d6 26. Re1 Qh6
27. Rg3 f6 28. Qe3 Qh4 29. Rg4 Qh7 30. Qxa7 Rd1 31. Rxd1 Rxd1+ 32. Kh2 Qf5 33.
Qb8+ Kh7 34. Rh4+ Kg6 35. Qe8+ 1-0

[Event "Waltrop- Hamm"]
[Site "?"]
[Date "2024.03.10"]
[Round "7.2"]
[White "Gasper, Joern"]
[Black "Spyrou, Emmanouil"]
[Result "0-1"]
[WhiteElo "2045"]
[BlackElo "2152"]
[PlyCount "66"]
[SourceDate "2024.03.25"]

1. d4 g6 2. e4 Bg7 3. Nc3 c6 4. Be3 d5 5. e5 f6 6. f4 Nh6 7. Qd2 Ng4 8. O-O-O
O-O 9. Nge2 fxe5 10. fxe5 Nf2 11. Bxf2 Rxf2 12. Qe1 Qf8 13. Rd3 Na6 14. Nd1 Rf7
15. Ng3 Nc7 16. h4 h5 17. Kb1 Ne6 18. Ne2 Bh6 19. Rg1 Ng7 20. Rf3 Bg4 21. Rxf7
Qxf7 22. Nf2 Be3 23. Nxg4 hxg4 24. Rh1 Rf8 25. a3 Nh5 26. Qc3 Qf2 27. Qd3 Kg7
28. Ka2 Bh6 29. Kb3 Qe1 30. Nc3 Ng3 31. h5 gxh5 32. Rh4 Rxf1 33. Ne2 Nxe2 0-1

[Event "Waltrop- Hamm"]
[Site "?"]
[Date "2024.03.10"]
[Round "7.3"]
[White "Schlaap, Ralf"]
[Black "Atali, Dogukan"]
[Result "1/2-1/2"]
[WhiteElo "2097"]
[BlackElo "2010"]
[PlyCount "57"]
[SourceDate "2024.03.25"]

1. Nf3 Nf6 2. d4 g6 3. c4 Bg7 4. Nc3 O-O 5. g3 d6 6. Bg2 Nc6 7. d5 Na5 8. Nd2
c5 9. O-O a6 10. Qc2 b5 11. cxb5 axb5 12. Nxb5 Qb6 13. Nc3 Bf5 14. e4 Bc8 15.
Re1 Ba6 16. Bf1 Ng4 17. Bxa6 Rxa6 18. Re2 Rb8 19. Rb1 c4 20. Nf3 Nb7 21. h3 Ne5
22. Nxe5 Bxe5 23. Be3 Qb4 24. Rd1 Nc5 25. Bd4 Bxd4 26. Rxd4 Nd3 27. b3 Ne5 28.
Kg2 Qb6 29. Rdd2 1/2-1/2

[Event "Waltrop- Hamm"]
[Site "?"]
[Date "2024.03.10"]
[Round "7.4"]
[White "Winterberg, Andreas"]
[Black "Voss, Hubertus"]
[Result "1-0"]
[WhiteElo "2001"]
[BlackElo "2084"]
[PlyCount "85"]
[SourceDate "2024.03.25"]

1. e4 c6 2. Nc3 d5 3. Nf3 Bg4 4. h3 Bxf3 5. Qxf3 Nf6 6. d4 dxe4 7. Qe3 Nbd7 8.
Nxe4 Nxe4 9. Qxe4 Nf6 10. Qd3 e6 11. Bd2 Qc7 12. O-O-O Bd6 13. Qf3 O-O-O 14.
Kb1 e5 15. dxe5 Bxe5 16. Bc4 Rhe8 17. Rhe1 Re7 18. Bb4 c5 19. Rxd8+ Kxd8 20.
Bd2 Ke8 21. g4 Bd6 22. Re3 Rxe3 23. Bxe3 h6 24. a3 Qe7 25. Qf5 Qd7 26. Qd3 a6
27. Qe2 Qe7 28. Qf3 Kf8 29. h4 Kg8 30. g5 hxg5 31. hxg5 Ne4 32. g6 Kf8 33. Qh3
Qe5 34. Qh8+ Ke7 35. gxf7 Kd7 36. f8=Q Bxf8 37. Qxf8 Kc6 38. Qd8 Nd6 39. Be2 g5
40. Bf3+ Kb5 41. Qd7+ Ka5 42. Qd8+ Ka4 43. Qxg5 1-0

[Event "Waltrop- Hamm"]
[Site "?"]
[Date "2024.03.10"]
[Round "7.5"]
[White "Hufelschulte, Norbert"]
[Black "Drewes, Martin"]
[Result "1/2-1/2"]
[WhiteElo "2009"]
[BlackElo "1949"]
[PlyCount "40"]
[SourceDate "2024.03.25"]

1. d4 d5 2. c4 e6 3. Nc3 Nf6 4. Bg5 c6 5. e3 Nbd7 6. a3 Be7 7. Nf3 b6 8. Bd3
Bb7 9. O-O O-O 10. Qe2 Re8 11. Rfd1 h6 12. Bf4 Nh5 13. Ne5 Nxf4 14. exf4 Bd6
15. Qh5 Qe7 16. cxd5 exd5 17. Re1 Nf6 18. Qh4 Nd7 19. Qh5 Nf6 20. Qh4 Nd7
1/2-1/2

[Event "Waltrop- Hamm"]
[Site "?"]
[Date "2024.03.10"]
[Round "7.6"]
[White "Breidenbach, Rolf"]
[Black "Brieger, Sebastian"]
[Result "0-1"]
[WhiteElo "1896"]
[BlackElo "1919"]
[PlyCount "88"]
[SourceDate "2024.03.25"]

1. d4 Nf6 2. Bf4 d5 3. e3 c5 4. c3 Nc6 5. Nd2 Bf5 6. Ngf3 e6 7. Qa4 Nd7 8. Ne5
Ndxe5 9. Bxe5 Qb6 10. Bb5 a6 11. Bxc6+ bxc6 12. O-O f6 13. Bg3 Qb5 14. Qxb5
axb5 15. Rfe1 Kf7 16. a3 Be7 17. Nb3 c4 18. Nd2 Bd3 19. f3 c5 20. dxc5 Bxc5 21.
Bf2 e5 22. Rad1 Rhd8 23. Nf1 Rd7 24. Ng3 Rad8 25. Ne2 Bxe2 26. Rxe2 Ke6 27. Kf1
g6 28. Red2 h5 29. Ke2 g5 30. h3 e4 31. Rh1 h4 32. Rhd1 f5 33. fxe4 dxe4 34.
Rxd7 Rxd7 35. Rxd7 Kxd7 36. g3 hxg3 37. Bxg3 Bd6 38. Be1 f4 39. h4 f3+ 40. Kf1
g4 41. h5 Ke6 42. Bh4 Kf5 43. Bd8 g3 44. Kg1 Be5 0-1

[Event "Waltrop- Hamm"]
[Site "?"]
[Date "2024.03.10"]
[Round "7.7"]
[White "Woertler, Lars- Erik"]
[Black "Sehrbrock, Christoph"]
[Result "1-0"]
[WhiteElo "1914"]
[BlackElo "1823"]
[PlyCount "147"]
[SourceDate "2024.03.25"]

1. e4 c6 2. d4 d5 3. exd5 cxd5 4. Bd3 Nc6 5. c3 Qc7 6. Ne2 e6 7. Bf4 Bd6 8.
Bxd6 Qxd6 9. O-O Nf6 10. f4 Ng4 11. Rf3 f5 12. Qe1 O-O 13. Qh4 Rf6 14. Rh3 Rh6
15. Qg3 Rxh3 16. Qxh3 Bd7 17. Qh4 Rf8 18. h3 Nf6 19. Nd2 Ne4 20. Nf3 Rf6 21.
Ne5 Rh6 22. Qe1 Rf6 23. Kh2 Be8 24. Ng1 a6 25. Ngf3 Ne7 26. Qe3 Ng6 27. g3 Qb6
28. Qe2 Nxe5 29. Nxe5 Nd6 30. Rg1 Bb5 31. Bxb5 Qxb5 32. Qxb5 Nxb5 33. Re1 Nd6
34. Nd7 Rf7 35. Nc5 Ne4 36. Nxe6 Rf6 37. Ng5 Rb6 38. Re2 h6 39. Nf3 Kf7 40.
Ne5+ Ke6 41. Kg2 Ke7 42. Kf3 Rf6 43. Rc2 Rb6 44. g4 fxg4+ 45. hxg4 Nd6 46. Re2
Ne4 47. Nd3 Kd6 48. Ne5 a5 49. Kg2 Nf6 50. Kf3 Nd7 51. f5 Nf6 52. Kf4 Nh7 53.
Nf3 Kd7 54. Ne5+ Kd6 55. Nd3 Ng5 56. Nc5 Nh3+ 57. Kg3 Ng5 58. b3 a4 59. Nxa4
Rc6 60. Re3 Ne4+ 61. Kf4 b5 62. Nc5 Nxc5 63. dxc5+ Rxc5 64. g5 hxg5+ 65. Kxg5
Rc7 66. Kg6 Ra7 67. b4 Rd7 68. Re6+ Kc7 69. a3 Kd8 70. Rb6 Ke7 71. Rxb5 Kd6 72.
Rb6+ Ke5 73. Re6+ Kf4 74. a4 1-0

[Event "Waltrop- Hamm"]
[Site "?"]
[Date "2024.03.10"]
[Round "7.8"]
[White "Meier, Jan"]
[Black "Boelling, Andreas"]
[Result "1-0"]
[WhiteElo "1798"]
[BlackElo "1755"]
[PlyCount "85"]
[SourceDate "2024.03.25"]

1. d4 Nf6 2. Bg5 e6 3. e4 Be7 4. e5 Nd5 5. Bxe7 Qxe7 6. c4 Nb6 7. Nc3 d5 8. c5
N6d7 9. Nf3 f5 10. exf6 Nxf6 11. Bd3 O-O 12. O-O Nc6 13. Re1 Nd8 14. b4 c6 15.
Qc2 Nf7 16. Re2 Qc7 17. Rae1 Bd7 18. a4 Rae8 19. Ne5 Bc8 20. b5 Nd8 21. Re3 Re7
22. Rh3 g5 23. Ne2 Rg7 24. Ng3 Bd7 25. Nh5 Nxh5 26. Rxh5 Be8 27. Rh6 Qe7 28.
Ng4 Rf4 29. Qe2 Qf8 30. g3 Rff7 31. Rxe6 Nxe6 32. Qxe6 Bd7 33. Nh6+ Kh8 34.
Nxf7+ Rxf7 35. Qe5+ Qg7 36. Qb8+ Rf8 37. Qxb7 Qxd4 38. Re3 Rf7 39. bxc6 Qf6 40.
cxd7 Qxf2+ 41. Kh1 Qxe3 42. d8=Q+ Kg7 43. Qb2+ 1-0

[Event "Kirchhellen- Brambauer"]
[Site "?"]
[Date "2024.03.10"]
[Round "7.1"]
[White "Schulz, Hartmut"]
[Black "Hoffterheide, Thomas"]
[Result "1-0"]
[WhiteElo "2018"]
[BlackElo "1982"]
[PlyCount "89"]
[SourceDate "2024.03.25"]

1. d4 Nf6 2. Nf3 e6 3. Bf4 d5 4. e3 Be7 5. Nbd2 O-O 6. Bd3 Nbd7 7. h3 b6 8. c3
Bb7 9. Qb1 h6 10. g4 c5 11. Rg1 cxd4 12. exd4 Ne8 13. g5 h5 14. Qc2 Bd6 15. Bg3
Qc7 16. O-O-O Bxg3 17. Rxg3 Nd6 18. Re1 Rac8 19. g6 f5 20. Ng5 Rfe8 21. Nxe6
Rxe6 22. Rxe6 Ne4 23. Nxe4 dxe4 24. Bb5 Nf6 25. Re5 a6 26. Ba4 f4 27. Rgg5 Kf8
28. Qd2 Qc4 29. Bd1 Qxa2 30. Qxf4 Qa1+ 31. Kc2 Bc6 32. Qc1 Qa2 33. Kd2 Bb5 34.
Be2 Bd7 35. Rg1 b5 36. Qa1 Qb3 37. Qa3+ Qxa3 38. bxa3 Bxh3 39. Bxh5 Nd7 40.
Rxe4 Nb6 41. Be2 Nd5 42. Re5 Nf4 43. Rh1 Kg8 44. Bd1 Bd7 45. Bb3+ 1-0

[Event "Kirchhellen- Brambauer"]
[Site "?"]
[Date "2024.03.10"]
[Round "7.2"]
[White "Schlueter, Christoph"]
[Black "Remmler, Volker"]
[Result "1/2-1/2"]
[WhiteElo "1956"]
[BlackElo "1984"]
[PlyCount "28"]
[SourceDate "2024.03.25"]

1. e4 e5 2. Nf3 Nc6 3. Bc4 Nf6 4. d3 Bc5 5. O-O d6 6. h3 O-O 7. c3 a6 8. Re1
Be6 9. Nbd2 Ba7 10. Nf1 Bxc4 11. dxc4 Ne7 12. Ng3 h6 13. Be3 Bxe3 14. Rxe3 Qd7
1/2-1/2

[Event "Kirchhellen- Brambauer"]
[Site "?"]
[Date "2024.03.10"]
[Round "7.3"]
[White "Koth, Stefan"]
[Black "Sinnwell, Horst"]
[Result "1-0"]
[WhiteElo "2039"]
[BlackElo "1979"]
[PlyCount "71"]
[SourceDate "2024.03.25"]

1. c4 e6 2. Nf3 Nf6 3. Nc3 d5 4. e3 Be7 5. b3 O-O 6. Bb2 b6 7. Qc2 c5 8. d4
Nbd7 9. Be2 Bb7 10. O-O Rc8 11. Rfd1 cxd4 12. Nxd4 Qc7 13. Rac1 Qb8 14. Qb1
dxc4 15. Bxc4 Ne5 16. Be2 Neg4 17. Nf3 Bxf3 18. Bxf3 Qxh2+ 19. Kf1 Bc5 20. Ke2
Qh4 21. Rf1 Qg5 22. Ne4 Nxe4 23. Qxe4 Nf6 24. Qa4 a5 25. g3 Bb4 26. Bc6 Nd5 27.
Kf3 Ne7 28. Qb5 Bc5 29. Bb7 Rcd8 30. Rcd1 Bxe3 31. Qxg5 Bxg5 32. Ba3 Rfe8 33.
Ba6 Nf5 34. Bb5 Nd4+ 35. Rxd4 Rxd4 36. Bxe8 1-0

[Event "Kirchhellen- Brambauer"]
[Site "?"]
[Date "2024.03.10"]
[Round "7.4"]
[White "Schueppel, Werner"]
[Black "Wagner, Norbert"]
[Result "1/2-1/2"]
[WhiteElo "1915"]
[BlackElo "2001"]
[PlyCount "46"]
[SourceDate "2024.03.25"]

1. d4 f5 2. c4 g6 3. Nc3 Bg7 4. e4 fxe4 5. Nxe4 Nf6 6. Bd3 c6 7. Qe2 Nxe4 8.
Qxe4 d5 9. cxd5 Bf5 10. Qe2 Bxd3 11. Qxd3 Qxd5 12. Nf3 e5 13. Qe2 e4 14. O-O
O-O 15. Ng5 Na6 16. Qxe4 Qxe4 17. Nxe4 Rae8 18. Re1 Nb4 19. Re2 Nd3 20. f3
Bxd4+ 21. Be3 Nf4 22. Ree1 Bxe3+ 23. Rxe3 Nd5 1/2-1/2

[Event "Kirchhellen- Brambauer"]
[Site "?"]
[Date "2024.03.10"]
[Round "7.5"]
[White "Bracht, Michael"]
[Black "Borgs, Martin"]
[Result "1/2-1/2"]
[WhiteElo "1915"]
[BlackElo "1899"]
[Annotator "daniel"]
[PlyCount "42"]
[SourceDate "2024.03.25"]

1. d4 Nf6 2. Nf3 d5 3. e3 e6 4. Bd3 c5 5. c3 Nc6 6. Nbd2 Bd6 7. e4 cxd4 8. cxd4
dxe4 9. Nxe4 Nxe4 10. Bxe4 Bd7 11. O-O h6 12. d5 exd5 13. Bxd5 Be7 14. Nd4 O-O
15. Nxc6 bxc6 $11 16. Bf3 Rb8 17. Qc2 Bf6 18. Rb1 Qc8 19. b3 Re8 20. Bf4 Rb4
21. Bd2 Rb6 1/2-1/2

[Event "Kirchhellen- Brambauer"]
[Site "?"]
[Date "2024.03.10"]
[Round "7.6"]
[White "Andersen, Knut"]
[Black "Czeratzki, Michael"]
[Result "0-1"]
[WhiteElo "1949"]
[BlackElo "1862"]
[Annotator "daniel"]
[PlyCount "128"]
[SourceDate "2024.03.25"]

1. d4 f5 2. g3 Nf6 3. Bg2 e6 4. Nf3 Be7 5. O-O O-O 6. b3 Qe8 7. c4 c6 8. Ba3
Bxa3 9. Nxa3 d5 10. Qd3 Nbd7 11. Rad1 Ne4 12. Nb1 Qh5 13. Ne5 Nxe5 14. dxe5 b6
15. f3 Nc5 16. Qd4 Bb7 17. Nc3 Rad8 18. b4 Na6 19. cxd5 exd5 20. f4 Nc7 21. e3
Ba6 22. Rfe1 Qf7 23. Ne2 Qe7 24. Qc3 Bc4 25. Nd4 Nb5 26. Nxb5 Bxb5 27. Rc1 Bc4
28. a3 b5 29. Red1 Ra8 30. Ra1 Rfd8 31. Rd2 a6 32. Bh3 g6 33. Rg2 h5 34. Rd2
Ra7 35. Bg2 Rb8 36. Bf3 Kh7 37. h3 Rg8 38. Kh2 Rg7 39. Rh1 Kg8 40. Rg2 Qe6 41.
Kg1 Rac7 $11 42. g4 h4 43. Kh2 Rcf7 44. Rhg1 Re7 45. Qc2 Rd7 46. gxf5 Qxf5 47.
Bg4 Qxc2 48. Rxc2 Rc7 49. Rd2 Ra7 50. Bd1 a5 51. Bc2 axb4 52. axb4 Ra3 53. Bxg6
Rxe3 54. Rdg2 Kf8 55. Bf5 Rxg2+ 56. Rxg2 d4 57. Rd2 d3 58. Kg2 Bd5+ 59. Kf2
Rf3+ 60. Ke1 Rxf4 61. Bxd3 Rxb4 62. Bf5 Rf4 63. Bd3 b4 64. Kd1 Rf3 0-1

[Event "Kirchhellen- Brambauer"]
[Site "?"]
[Date "2024.03.10"]
[Round "7.7"]
[White "Jochmann, Christian"]
[Black "Gajda, Peter"]
[Result "1/2-1/2"]
[WhiteElo "1810"]
[BlackElo "1811"]
[PlyCount "36"]
[SourceDate "2024.03.25"]

1. e4 g6 2. d4 Bg7 3. Nc3 d6 4. Be3 Nf6 5. f3 O-O 6. Qd2 e5 7. d5 c6 8. dxc6
bxc6 9. O-O-O Ne8 10. Bc4 Qe7 11. h4 Be6 12. Bb3 Bxb3 13. axb3 Nd7 14. h5 a5
15. Nge2 Nc5 16. Na4 Nxa4 17. bxa4 Qb7 18. hxg6 fxg6 1/2-1/2

[Event "Kirchhellen- Brambauer"]
[Site "?"]
[Date "2024.03.10"]
[Round "7.8"]
[White "Kueper, Peter"]
[Black "Wirthmann, Stefan"]
[Result "1/2-1/2"]
[WhiteElo "1784"]
[BlackElo "1709"]
[PlyCount "24"]
[SourceDate "2024.03.25"]

1. e4 e5 2. f4 exf4 3. Nf3 Nf6 4. Nc3 d5 5. exd5 Nxd5 6. Bc4 Be6 7. Qe2 Be7 8.
O-O Nc6 9. d4 O-O 10. Nxd5 Bxd5 11. Bxd5 Qxd5 12. Bxf4 Bd6 1/2-1/2

[Event "Buer- Borbeck"]
[Site "?"]
[Date "2024.03.10"]
[Round "7.1"]
[White "Loyen, Egbert"]
[Black "Hammerich, Simon"]
[Result "1-0"]
[WhiteElo "2119"]
[BlackElo "2034"]
[PlyCount "93"]
[SourceDate "2024.03.25"]

1. Nf3 d5 2. g3 g6 3. Bg2 Bg7 4. d4 Nf6 5. O-O c6 6. a4 O-O 7. a5 Re8 8. Bf4
Nbd7 9. Qc1 Nh5 10. Bh6 e5 11. Bxg7 Nxg7 12. c4 e4 13. Ne1 Nf6 14. e3 Bg4 15.
f3 exf3 16. Nxf3 Nf5 17. Ne5 Be2 18. Re1 Bxc4 19. Nxc4 dxc4 20. Na3 Ng4 21.
Nxc4 Nxd4 22. Qd1 Nxe3 23. Rxe3 Qf6 24. Qf1 Nf5 25. Rxe8+ Rxe8 26. Rd1 Qe7 27.
Qf2 Qb4 28. Bf1 Re4 29. b3 c5 30. Rd8+ Kg7 31. Nd6 Nxd6 32. Rxd6 Qc3 33. Bc4
Re7 34. Kg2 Qe5 35. Qf4 Qb2+ 36. Rd2 Qc3 37. Rf2 f5 38. Qd6 Qe1 39. Qxc5 Qe4+
40. Kg1 h5 41. Re2 Qb1+ 42. Kf2 Rxe2+ 43. Bxe2 Qxb3 44. Qxa7 h4 45. a6 Kh6 46.
axb7 hxg3+ 47. hxg3 1-0

[Event "Buer- Borbeck"]
[Site "?"]
[Date "2024.03.10"]
[Round "7.2"]
[White "Wiechen, Ulrich"]
[Black "Hillenbrand, Michael"]
[Result "1/2-1/2"]
[WhiteElo "1923"]
[BlackElo "2095"]
[PlyCount "91"]
[SourceDate "2024.03.25"]

1. e4 g6 2. d4 Bg7 3. Nf3 d6 4. Nc3 Nf6 5. Bf4 c5 6. dxc5 Qa5 7. Bb5+ Bd7 8.
Qd3 Nxe4 9. Bxd7+ Nxd7 10. Qxe4 Bxc3+ 11. bxc3 Qxc3+ 12. Ke2 Nxc5 13. Qd5 Qxc2+
14. Bd2 O-O 15. Rhc1 Qa4 16. Rc4 Qa6 17. Ke1 Rac8 18. Rac1 b5 19. Rh4 b4 20.
Rcc4 e6 21. Qd4 Rfd8 22. Bxb4 Qxa2 23. Qd2 Qa1+ 24. Ke2 Qa6 25. Qh6 Ne4 26.
Qxh7+ Kf8 27. Ne5 Qa2+ 28. Kd3 Qb3+ 29. Kxe4 Rxc4+ 30. Nxc4 Qxc4+ 31. Kf3 Qd3+
32. Kg4 a5 33. Qh6+ Ke8 34. Qf4 Qf5+ 35. Qxf5 gxf5+ 36. Kg5 axb4 37. Kf6 d5 38.
Rxb4 d4 39. Rb2 d3 40. Rd2 Rd4 41. g3 Rd5 42. f3 Kf8 43. h4 Kg8 44. h5 Rd7 45.
Kg5 Kh7 46. Kf6 1/2-1/2